Throne - Bring Me the Horizon - Statistics

General Stats
  • This quiz has been taken 62 times
  • The average score is 198 of 248
Answer Stats
Answer % Correct
throne
100%
build
95%
can
95%
ever
95%
every
95%
Every
95%
me
95%
my
95%
will
95%
a
90%
an
90%
back
90%
come
90%
I
90%
the
90%
The
90%
to
90%
You
90%
you
90%
and
85%
And
85%
scar
85%
So
85%
so
85%
throw
85%
Beat
80%
black
80%
Leader
80%
of
80%
pack
80%
Tomorrow
80%
wolves
80%
wound
80%
blue
75%
could
75%
in
75%
pain
75%
shape
75%
whole
75%
away
70%
left
70%
Nothing
70%
take
70%
was
70%
lost
65%
made
65%
ocean,
65%
on
65%
that
65%
broke
60%
know
60%
now
60%
open
60%
promise
60%
still
60%
you've
60%
are
55%
broken
55%
don't
55%
even
55%
fight
55%
forgive
55%
I'll
55%
reason
55%
river
55%
try
55%
word
55%
alone
50%
choking
50%
cry
50%
Remember
50%
unspoken
50%
cause
45%
have
45%
leave
45%
moment
45%
all
40%
empire
40%
used
40%
built
35%
Rebuild
35%
stones
35%
sticks
30%
No matching quizzes found
Score Distribution
Percent of People with Each Score
Percentile by Number Answered
Your Score History
You have not taken this quiz